Musicals by Lin-Manuel Miranda - Sudden Death - Statistics

General Stats
  • This quiz has been taken 361 times
  • The average score is 5 of 7
Answers on the Grid
Answers color-coded by a green-red scale on the quiz's grid according to % correct below.
Hamilton
EPIC
Hadestown
In the Heights
Mufasa
The Phantom of the Opera
RENT
SIX
Chicago
Warriors
Encanto
The Little Mermaid (Live-Action)
The Greatest Showman
Hazbin Hotel
Vivo
Wicked
 
Answer Stats
Answer % Correct
Hamilton
94%
In the Heights
87%
Encanto
85%
Mufasa
69%
The Little Mermaid (Live-Action)
65%
Vivo
60%
Warriors
47%
No matching quizzes found
Score Distribution
Percent of People with Each Score
Percentile by Number Answered
Your Score History
You have not taken this quiz